000 00529nam a2200169 i 4500
001 100567
003 ES-MaACL
005 20230906182711.0
007 t|
008 050929s1955 sp ||||1| cat d
100 1 _aMaspons i Anglasell, F. (
_d1872-1966)
_9149336
245 1 0 _aViatge entorn de la Societat de Nacions /
_cFrancesc Maspons i Anglasell.
260 _aBarcelona :
_bJosé Bosch,
_c1955.
300 _a140 p. ;
_c21 cm.
610 2 4 _aSociedad de Naciones-
_vHistoria.
_96683
852 _aES-MaACL
_jC-9809
_bR.37496
999 _c100567
_d100567